Manual on industrial estate planning part I (Record no. 416533)

000 -LEADER
fixed length control field 00446cam a22001337a 4500
008 - FIXED-LENGTH DATA ELEMENTS--GENERAL INFORMATION
fixed length control field 180718b1970 xxu||||| |||| 00| 0 eng d
082 ## - DEWEY DECIMAL CLASSIFICATION NUMBER
Classification number J9525x54 M424
100 ## - MAIN ENTRY--PERSONAL NAME
Personal name Mathur, Om Prakash
245 ## - TITLE STATEMENT
Title Manual on industrial estate planning part I
Statement of responsibility, etc. by Om Prakash, Mathur
260 ## - PUBLICATION, DISTRIBUTION, ETC.
Place of publication, distribution, etc. Hyderabad
Name of publisher, distributor, etc. Small industry extension traiing institute
Date of publication, distribution, etc. 1970
300 ## - PHYSICAL DESCRIPTION
Extent ii, 179p
650 ## - SUBJECT ADDED ENTRY--TOPICAL TERM
Topical term or geographic name entry element Regional planning --India.
650 ## - SUBJECT ADDED ENTRY--TOPICAL TERM
Topical term or geographic name entry element Industrial districts --India
Holdings
Withdrawn status Lost status Damaged status Not for loan Permanent Location Current Location Date acquired Full call number Barcode Date last seen Price effective from Koha item type
        Indian Institute of Public Administration Indian Institute of Public Administration 2009-03-17 J9525x54 M424 D895 2018-07-21 2018-07-21 D

Powered by Koha